MacFlecknoe : (Record no. 239)

MARC details
000 -LEADER
fixed length control field 00833nam a2200205 4500
001 - CONTROL NUMBER
control field 269
005 - DATE AND TIME OF LATEST TRANSACTION
control field 20181127161042.0
020 00 - INTERNATIONAL STANDARD BOOK NUMBER
International Standard Book Number 8175810483
090 00 - LOCALLY ASSIGNED LC-TYPE CALL NUMBER (OCLC); LOCAL CALL NUMBER (RLIN)
Classification number (OCLC) (R) ; Classification number, CALL (RLIN) (NR) 821.4 D799m L196 2009
100 00 - MAIN ENTRY--PERSONAL NAME
Personal name Dryden, John.
245 00 - TITLE STATEMENT
Title MacFlecknoe :
Remainder of title A song for St. Cecilia's day & Alexander's feast /
Statement of responsibility, etc. John Dryden.
Medium
250 00 - EDITION STATEMENT
Edition statement 28th ed.
260 00 - PUBLICATION, DISTRIBUTION, ETC.
Place of publication, distribution, etc. New Delhi :
Name of publisher, distributor, etc. Rama Brothers India,
Date of publication, distribution, etc. 2009.
300 00 - PHYSICAL DESCRIPTION
Extent viii, 103 p.
500 ## - GENERAL NOTE
General note Electronic copy available on RTC Cloud in "Library" folder
General note "Edited with a critical introduction, complete paraphrase of the text, notes, explanations, & questions with answers by Ramji Lall"
650 00 - SUBJECT ADDED ENTRY--TOPICAL TERM
Topical term or geographic name entry element Dryden, John, 1631-1700. MacFlecknoe.
General subdivision
700 ## - ADDED ENTRY--PERSONAL NAME
Personal name Lall, Ramji.
Numeration
Titles and other words associated with a name
Dates associated with a name
Relator term
Form subheading
Language of a work
Medium of performance for music
Number of part/section of a work
Arranged statement for music
Name of part/section of a work
Fuller form of name
Key for music
Version
Title of a work
856 ## - ELECTRONIC LOCATION AND ACCESS
Host name
Uniform Resource Identifier <a href="http://andromeda.rutgers.edu/~jlynch/Texts/macflecknoe.html">http://andromeda.rutgers.edu/~jlynch/Texts/macflecknoe.html</a>
Link text Mac Flecknoe
Public note
Materials specified
Holdings
Withdrawn status Lost status Source of classification or shelving scheme Damaged status Not for loan Collection code Home library Current library Shelving location Date acquired Cost, normal purchase price Serial Enumeration / chronology Inventory number Full call number Barcode Date last seen Copy number Price effective from Koha item type Total Checkouts Total Renewals Date last checked out
    Dewey Decimal Classification     Main TEST RTC Library RTC Library Main opac 08/03/2021 60.00 3719 821.4 DRY 30000166 27/11/2018 1 27/11/2018 Main      
    Dewey Decimal Classification     Main TEST RTC Library RTC Library Main opac 21/03/2022 60.00 3720 821.4 DRY 30002589 27/11/2018 2 27/11/2018 Main      
    Dewey Decimal Classification     Main TEST RTC Library RTC Library Main opac 21/03/2022 60.00 3721 821.4 DRY 30006859 19/04/2023   27/11/2018 Main 2 1 24/01/2023
Royal Thimphu College || All Right Reserved